000 01318nab a2200229 i 4500
001 768714001
003 CO-MdFUSB
005 20240524123253.0
008 240524t1975 sp ||||| |||| 00| 0 spa d
040 _bspa
_cCO-MdFUSB
_dCO-MdFUSB
041 _aspa
100 _eautor
245 _aLos intelectuales y la libertad
_c/ Marcel Rioux ; traducido por Juan Jose del Moral
520 _aLa tesis liberal da por asentado que los intelectuales, por la función que desempeñan en la producción simbólica, deberían gozar de ciertas libertades que les permitieran cumplir un papel de carácter público al lado de las élites económicas y políticas de la sociedad. En primer lugar, debe tenerse en cuenta que el ejercicio de estas libertades varía según las épocas y los países; el prestigio y la audiencia que tienen ciertas categorías de intelectuales también varían según las épocas.
650 7 _aTeología de la liberación
_9449
650 7 _aHumanismo (Filosofía)
_97310
650 7 _aReligión
_9385
700 _aMoral, Juan Jose del,
_etraductor
773 0 _049450
_982682
_oR2591
_tRevista internacional de teología Concilium
_w(CO-MdFUSB)8
_x0210-1041
_gVolumen 101, (enero, 1975) páginas: 77 - 86
_qpáginas: 77
942 _cANA
945 _aCatherine Arias Álvarez - Practicante SENA
999 _c69911
_d69911